01224nam a2200349 a 4500001001000000003000900010005001700019007001000036008004100046020001800087040002200105092001900127100002100146245006800167246004800235260003700283300002800320500007300348500007500421504003200496650001600528650002600544700002800570930003600598930002400634942001200658952011500670956001800785956001800803956003800821999001500859000044536DO-SdBNP20170524144142.0000044536140711s2014 dr ac 000 0 spa d z9789945080385 aBPMSUbspacBPMSU a658.421bH731n1 aHolguín, Mayra10aNace un emprendedor /cMayra Holguín ; prólogo Rosa Maduro.13aUna guía para emprendedores que sueñan  aSanto Domingo :bConadex,c2014. a159 p. :bil. ;c22 cm. aIncluye datos biográficos de la autora en la solapa de la cubierta aIncluye referencias bibliográficas y notas al pie de las páginas aBibliografía : p. 157-159 aNEGOCIANTES aEXITO EN LOS NEGOCIOS12aMaduro, Rosa, epról. 1l Reusar registrom 8 f p g  1l m 8 f p g h  2ddccBK 00102ddc40708DOMaBPMETbBPMETd2015-05-11l0o658.421 H731npBPMSU15051639r2015-05-11w2015-05-11yBK a b c l h  a b c l h  aVMATEOb10c20150511lBPMSUh0069 c7839d7839